| 000 | 01924cam a2200517Ii 4500 | ||
|---|---|---|---|
| 001 | sjds1272327 | ||
| 003 | sjds | ||
| 005 | 20200712104514.0 | ||
| 008 | 160922t20172010txua a 000 0 eng d | ||
| 020 | _a9781941026670 (board book) | ||
| 020 | _a1941026672 (board book) | ||
| 035 | _a1223746 | ||
| 035 | _a(OCoLC)959037246 | ||
| 035 | _a(OCoLC)ocn959037246 | ||
| 035 | _a1149414 | ||
| 035 | _a1223746 | ||
| 035 | _a1223746 | ||
| 040 |
_aYDX _beng _erda _cYDX _dBDX _dOCLCQ _dNFG _dSAP _dIFA |
||
| 041 | 1 |
_aeng _aspa |
|
| 049 | _aIFAA | ||
| 099 | _f2017 | ||
| 100 | 1 |
_aWeill, Cynthia, _eauthor. |
|
| 245 | 1 | 0 |
_aColores de la vida : _bMexican folk art colors in English and Spanish / _cCynthia Weill ; folk art artisans from Oaxaca. |
| 246 | 3 | 0 | _aMexican folk art colors in English and Spanish |
| 260 |
_a[El Paso, TX] : _bCinco Puntos Press, _c2017, c2010 |
||
| 264 | 1 |
_a[El Paso, TX] : _bCinco Puntos Press, _c2017. |
|
| 264 | 4 | _cc2010 | |
| 300 |
_a30 unnumbered pages : _bcolor illustrations ; _c19 cm |
||
| 336 |
_atext _btxt _2rdacontent |
||
| 336 |
_astill image _bsti _2rdacontent |
||
| 337 |
_aunmediated _bn _2rdamedia |
||
| 338 |
_avolume _bnc _2rdacarrier |
||
| 500 | _aCover title. | ||
| 500 | _aOn board pages. | ||
| 520 | _aLearn the names of the colors with Mexican folk art. | ||
| 520 | _aAprende los nombres de los colores con arte folklórico mexicano. | ||
| 546 | _aParallel text in English and Spanish. | ||
| 650 | 0 |
_aFolk art _zMexico _zOaxaca (State) _vJuvenile literature. |
|
| 650 | 0 |
_aColor in art _vJuvenile literature. |
|
| 650 | 0 |
_aColors, Words for _vJuvenile literature. |
|
| 650 | 7 |
_aArte popular _zMéxico _zOaxaca (Estado) _vLiteratura juvenil. _2bidex |
|
| 650 | 7 |
_aColores _vLiteratura juvenil. _2bidex |
|
| 650 | 0 |
_aSpanish language materials _xBilingual _vJuvenile literature. |
|
| 650 | 7 |
_aMateriales bilingües en español _vLiteratura juvenil. _2bidex |
|
| 942 | _cBK | ||
| 999 |
_c20727 _d20727 |
||